000 00885nam a2200253Ia 4500
003 OSt
005 20220923215454.0
006 a|||||r|||| 00| 0
007 ta
008 220922b |||||||| |||| 00| 0 hin d
024 _a179,076
037 _cTextual
040 _aARTS
_cARTS
_bhin
041 _2hin
_ahin
082 _aO152,1M89,18:g, M3
100 _aशर्मा, राजेश, पीयूष
245 0 _aकामायानी में सौन्दर्य विधान
246 _aKāmāyānī mean saundarya vidhāna
260 _aअजेया
_b मीनाक्षी प्रकाशन
_c1983
300 _a108 पृ.
_ccm.
650 _aहिन्दी साहित्य
_9156264
942 _hO152,1M89,18:g, M3
_cTEXL
_2CC
999 _c332457
_d332457